Bancos de dados
Gespeichert in:
| 1. Verfasser: | |
|---|---|
| Format: | Buch |
| Sprache: | Portugiesisch |
| Veröffentlicht: |
Río de Janeiro
Campus
1988
|
| Schlagworte: | |
| Tags: |
Tag hinzufügen
Keine Tags, Fügen Sie den ersten Tag hinzu!
|
MARC
| LEADER | 00000nam a2200000 a 4500 | ||
|---|---|---|---|
| 001 | UCO9428 | ||
| 003 | CL-VaPUC | ||
| 008 | 010302e19880000BL |||||||||||||||||por|d | ||
| 082 | 0 | 4 | |a 005.74 |b DAT |2 21 |
| 100 | 0 | |a Date, C. J |e author |9 454559 | |
| 245 | 1 | 0 | |a Bancos de dados |
| 300 | |a 361 p | ||
| 942 | |c BK | ||
| 945 | |d 20010302 00:00:00 |a vberengu | ||
| 260 | |a Río de Janeiro |b Campus |c 1988 | ||
| 500 | |a v.1: Introducao a Sistemas de Bancos de Dados | ||
| 500 | |a v.2: Tópicos avancados | ||
| 650 | 0 | |a Bases de datos |9 260577 | |
| 583 | |a last modification |c 20010302 00:00:00 |k Rodrigo Vera | ||
| 999 | |c 293637 |d 293635 | ||
| 952 | |0 0 |1 0 |4 0 |6 005_740000000000000_DAT_1988 |7 0 |8 A |9 345314 |a BIBING |b BIBING |d 2019-11-20 |h v.2 |i 368637K |o 005.74 DAT 1988 |p 368637K |r 2025-01-20 |w 2019-11-20 |y BK |k EII | ||